[Event "CZE-chT2F 1011"]
[Site "Czech Republic"]
[Date "2010.11.07"]
[Round "2.4"]
[White "Kolasin, Jan"]
[Black "Habina, Martin"]
[Result "0-1"]
[WhiteElo "1975"]
[BlackElo "2066"]
[PlyCount "62"]
[EventDate "2010.10.17"]
[EventType "team-tourn"]
[EventRounds "11"]
[EventCountry "CZE"]
[SourceTitle "EXT 2012"]
[Source "ChessBase"]
[SourceDate "2011.11.24"]
[SourceVersion "1"]
[SourceVersionDate "2011.11.24"]
[SourceQuality "1"]
[WhiteTeam "Unicov"]
[BlackTeam "Benesov"]
[WhiteTeamCountry "CZE"]
[BlackTeamCountry "CZE"]

1. e4 d6 2. d4 Nf6 3. Nc3 g6 4. f3 c6 5. Be3 b5 6. Qd2 Nbd7 7. 0-0-0 Qa5 8. Kb1 Bb7 9. g4 Nb6 10. Qf2 h5 11. g5 Nfd7 12. f4 Bg7 13. f5 0-0 14. Nf3 b4 15. Ne2 c5 16. Ng3 cxd4 17. Bxd4 Ne5 18. Bh3 Nbc4 19. fxg6 fxg6 20. Be6+ Kh7 21. Bxc4 Rxf3 22. Qe2 Rf4 23. Rhf1 Raf8 24. Bb3 Ba6 25. Qg2 Bxf1 26. Nxf1 Nc6 27. Bxg7 Kxg7 28. Ne3 Ne5 29. h3 Qc5 30. Qe2 Rf2 31. Qa6 Qxe3 0-1

[Event "CZE-chT2d 0607"]
[Site "Czech Republic"]
[Date "2006.12.15"]
[Round "5"]
[White "Habina, Martin"]
[Black "Skrenek, Jiri"]
[Result "0-1"]
[WhiteElo "2091"]
[BlackElo "2093"]
[PlyCount "80"]
[EventDate "2006.10.15"]
[EventType "team"]
[EventRounds "11"]
[EventCountry "CZE"]
[SourceTitle "EXT 2009"]
[Source "ChessBase"]
[SourceDate "2008.11.26"]
[SourceVersion "1"]
[SourceVersionDate "2008.11.26"]
[SourceQuality "1"]

1. d4 d5 2. Nf3 Nf6 3. c4 e6 4. Nc3 Nbd7 5. Bg5 Be7 6. e3 0-0 7. cxd5 Nxd5 8. Bxe7 Qxe7 9. Qc2 N7f6 10. a3 b6 11. Nxd5 Nxd5 12. Bd3 h6 13. 0-0 Bb7 14. b4 a5 15. b5 Rac8 16. Ne5 Qg5 17. Nc6 Bxc6 18. bxc6 Rcd8 19. f4 Qe7 20. Rf3 Qd6 21. Kh1 Ne7 22. Bb5 Qd5 23. a4 Rd6 24. Rc1 Kh8 25. Rff1 Nc8 26. Be2 Qf5 27. Bd3 Qh5 28. Rf3 f5 29. Be2 Ne7 30. Rff1 Qe8 31. Bf3 Nd5 32. Rfe1 Nb4 33. Qc4 Qd8 34. g4 fxg4 35. Bxg4 Rxc6 36. Qb3 Rxc1 37. Rxc1 Nd5 38. Qd3 Nf6 39. Qc4 Rf7 40. Kg2 Nd5 0-1

[Event "CZE-chT2d 0607"]
[Site "Czech Republic"]
[Date "2006.12.03"]
[Round "4"]
[White "Vykydal, Frantisek"]
[Black "Habina, Martin"]
[Result "1-0"]
[WhiteElo "2264"]
[BlackElo "2091"]
[PlyCount "63"]
[EventDate "2006.10.15"]
[EventType "team"]
[EventRounds "11"]
[EventCountry "CZE"]
[SourceTitle "EXT 2009"]
[Source "ChessBase"]
[SourceDate "2008.11.26"]
[SourceVersion "1"]
[SourceVersionDate "2008.11.26"]
[SourceQuality "1"]

1. e4 d6 2. Nc3 Nf6 3. Nf3 g6 4. d4 Bg7 5. h3 0-0 6. Be3 c6 7. Qd2 Re8 8. a4 Nbd7 9. Bc4 d5 10. exd5 Nb6 11. Bb3 Nbxd5 12. Bh6 Bh8 13. 0-0 Bf5 14. Rfe1 Qc7 15. g4 Bd7 16. Ne5 e6 17. Nxd5 cxd5 18. Qf4 Bc6 19. Nxg6 Qxf4 20. Nxf4 Ne4 21. c3 Rac8 22. Rad1 b6 23. g5 Nd6 24. Bc2 Red8 25. Nh5 Ne8 26. Re3 Rd6 27. Rg3 b5 28. Nf6+ Bxf6 29. gxf6+ Kh8 30. Kh2 Rdd8 31. Rdg1 Nd6 32. Bg7+ 1-0

[Event "CZE-chT2d 0607"]
[Site "Czech Republic"]
[Date "2006.10.15"]
[Round "1"]
[White "Siebenburger, Vlastimil"]
[Black "Habina, Martin"]
[Result "1/2-1/2"]
[WhiteElo "2142"]
[BlackElo "2091"]
[PlyCount "48"]
[EventDate "2006.10.15"]
[EventType "team"]
[EventRounds "11"]
[EventCountry "CZE"]
[SourceTitle "EXT 2009"]
[Source "ChessBase"]
[SourceDate "2008.11.26"]
[SourceVersion "1"]
[SourceVersionDate "2008.11.26"]
[SourceQuality "1"]

1. d4 d5 2. e3 c5 3. b3 Nf6 4. Bd3 cxd4 5. exd4 Nc6 6. Ne2 Bg4 7. Be3 e5 8. f3 Bd7 9. 0-0 Bd6 10. c4 0-0 11. Nbc3 exd4 12. Nxd4 Bc5 13. Be2 Re8 14. Bf2 Nxd4 15. Bxd4 Qb6 16. Bxc5 Qxc5+ 17. Rf2 dxc4 18. bxc4 Rad8 19. Nd5 Nxd5 20. Qxd5 Qxd5 21. cxd5 Ba4 22. Bc4 b5 23. Bb3 Bxb3 24. axb3 Rxd5 1/2-1/2